American theorists of the novel (Record no. 217)

MARC details
000 -LEADER
fixed length control field 00431 a2200169 4500
001 - CONTROL NUMBER
control field 066008
003 - CONTROL NUMBER IDENTIFIER
control field OSt
005 - DATE AND TIME OF LATEST TRANSACTION
control field 20210914141937.0
008 - FIXED-LENGTH DATA ELEMENTS--GENERAL INFORMATION
fixed length control field
082 ## - DEWEY DECIMAL CLASSIFICATION NUMBER
Classification number 808.3
Item number R19A
100 1# - MAIN ENTRY--PERSONAL NAME
Personal name Rawlings, Peter
245 1# - TITLE STATEMENT
Title American theorists of the novel
Statement of responsibility, etc by Peter Rawlings
260 ## - PUBLICATION, DISTRIBUTION, ETC. (IMPRINT)
Place of publication, distribution, etc London
Name of publisher, distributor, etc Routledge
Date of publication, distribution, etc 2006
300 ## - PHYSICAL DESCRIPTION
Extent 170p.
690 ## - LOCAL SUBJECT ADDED ENTRY--TOPICAL TERM (OCLC, RLIN)
Topical term or geographic name as entry element Criticism; Fiction; United States
942 ## - ADDED ENTRY ELEMENTS (KOHA)
Source of classification or shelving scheme Dewey Decimal Classification
Koha item type Books
Holdings
Withdrawn status Lost status Source of classification or shelving scheme Damaged status Not for loan Collection code Home library Current library Department Date acquired Source of acquisition Coded location qualifier Cost, normal purchase price Inventory number(Invoice/Date) Full call number Barcode Date last seen Price effective from Koha item type Public note
    Dewey Decimal Classification     General Text Book Central University Of Rajasthan Central University Of Rajasthan English 07/03/2012 ENG Rawat Jaip 898.00 1002/15-03-2010 808.3 R19A 294 21/11/2024 02/09/2020 Books Routledge, London